Nirālā-kāvya-kośa. (Record no. 83523)
[ view plain ]
| 000 -LEADER | |
|---|---|
| fixed length control field | 00707cam a22002411 4500 |
| 001 - CONTROL NUMBER | |
| control field | sa 68010764 |
| 003 - CONTROL NUMBER IDENTIFIER | |
| control field | DLC |
| 005 - DATE AND TIME OF LATEST TRANSACTION | |
| control field | 20260227112555.0 |
| 008 - FIXED-LENGTH DATA ELEMENTS--GENERAL INFORMATION | |
| fixed length control field | 891207s1968 ii b 000 0 hino |
| 010 ## - LIBRARY OF CONGRESS CONTROL NUMBER | |
| LC control number | sa 68010764 |
| 035 ## - SYSTEM CONTROL NUMBER | |
| System control number | (OCoLC)20745369 |
| 040 ## - CATALOGING SOURCE | |
| Original cataloging agency | DLC |
| Transcribing agency | WaU |
| Modifying agency | DLC |
| 042 ## - AUTHENTICATION CODE | |
| Authentication code | premarc |
| 050 00 - LIBRARY OF CONGRESS CALL NUMBER | |
| Classification number | PK2098.T7 |
| Item number | Z49 |
| 100 1# - MAIN ENTRY--PERSONAL NAME | |
| Personal name | Nalin, Jayanatha, |
| Dates associated with a name | 1912- |
| 245 00 - TITLE STATEMENT | |
| Title | Nirālā-kāvya-kośa. |
| 260 ## - PUBLICATION, DISTRIBUTION, ETC. | |
| Date of publication, distribution, etc. | [1968] |
| 300 ## - PHYSICAL DESCRIPTION | |
| Extent | iii, 190, 181-290, [6] p. |
| Dimensions | 22 cm. |
| 500 ## - GENERAL NOTE | |
| General note | In Hindi. |
| 500 ## - GENERAL NOTE | |
| General note | Bibliography printed on alternate pages (total: 3 p.) |
| 504 ## - BIBLIOGRAPHY, ETC. NOTE | |
| Bibliography, etc. note | Bibliography: p. [291]-[296] (last group) |
| 600 10 - SUBJECT ADDED ENTRY--PERSONAL NAME | |
| Personal name | Tipathi, Surya Kant, |
| Dates associated with a name | 1896-1961 |
| General subdivision | Language |
| -- | Glossaries, etc. |
No items available.